Ketzer: die andere Seite des frühen Christentums
| Autor principal: | |
|---|---|
| Tipo de documento: | Print Libro |
| Lenguaje: | Alemán |
| Servicio de pedido Subito: | Pedir ahora. |
| Verificar disponibilidad: | HBZ Gateway |
| WorldCat: | WorldCat |
| Interlibrary Loan: | Interlibrary Loan for the Fachinformationsdienste (Specialized Information Services in Germany) |
| Publicado: |
Stuttgart
Radius-Verl.
1995
|
| En: | Año: 1995 |
| Críticas: | Ketzer. Die andere Seite des frühen Christentums (1996) (Müller, Ulrich B., 1938 - 2023)
|
| Colección / Revista: | Radius-Bücher
|
| (Cadenas de) Palabra clave estándar: | B
Herejía
/ Historia 30-300
B Cristianismo primitivo / Historia 30-300 |
| Otras palabras clave: | B
Christian Heresies
History Early church, ca. 30-600
B Historia 30-300 |
MARC
| LEADER | 00000cam a2200000 c 4500 | ||
|---|---|---|---|
| 001 | 187238340 | ||
| 003 | DE-627 | ||
| 005 | 20251222203747.0 | ||
| 007 | tu | ||
| 008 | 950904s1995 gw ||||| 00| ||ger c | ||
| 015 | |a 95,N34,0198 |2 dnb | ||
| 015 | |a 95,A50,0363 |2 dnb | ||
| 016 | 7 | |a 945157851 |2 DE-101 | |
| 020 | |a 3871730637 |c : DM 68.00, sfr 68.00, S 531.00 (Gb.) |9 3-87173-063-7 | ||
| 035 | |a (DE-627)187238340 | ||
| 035 | |a (DE-576)048132810 | ||
| 035 | |a (DE-599)DNB945157851 | ||
| 035 | |a (OCoLC)246750004 | ||
| 035 | |a (OCoLC)34813466 | ||
| 035 | |a (AT-OBV)AC01265259 | ||
| 040 | |a DE-627 |b ger |c DE-627 |e rakwb | ||
| 041 | |a ger | ||
| 044 | |c XA-DE | ||
| 050 | 0 | |a BT1319 | |
| 082 | 0 | |a 273.1 | |
| 084 | |a 12 |2 sdnb | ||
| 084 | |a 1 |2 ssgn | ||
| 084 | |a BO 2230 |2 rvk |0 (DE-625)rvk/14106: | ||
| 084 | |a 11.51 |2 bkl | ||
| 084 | |a 11.00 |2 bkl | ||
| 100 | 1 | |0 (DE-588)119239787 |0 (DE-627)080041078 |0 (DE-576)162051166 |4 aut |a Lüdemann, Gerd |d 1946-2021 | |
| 109 | |a Lüdemann, Gerd 1946-2021 | ||
| 245 | 1 | 0 | |a Ketzer |b die andere Seite des frühen Christentums |c Gerd Lüdemann |
| 263 | |a Gb. : DM 68.00, sfr 68.00, S 531.00 | ||
| 264 | 1 | |a Stuttgart |b Radius-Verl. |c 1995 | |
| 300 | |a 320 S | ||
| 336 | |a Text |b txt |2 rdacontent | ||
| 337 | |a ohne Hilfsmittel zu benutzen |b n |2 rdamedia | ||
| 338 | |a Band |b nc |2 rdacarrier | ||
| 490 | 0 | |a Radius-Bücher | |
| 583 | 1 | |a Archivierung/Langzeitarchivierung gewährleistet |f PEBW |x XA-DE-BW |2 pdager |5 DE-24 | |
| 583 | 1 | |a Archivierung/Langzeitarchivierung gewährleistet |f SSG |x XA-DE-BW |2 pdager |5 DE-21 | |
| 601 | |a Christentum | ||
| 648 | 7 | |a Geschichte 30-300 |2 gnd | |
| 650 | 0 | |a Christian Heresies |x History |y Early church, ca. 30-600 | |
| 689 | 0 | 0 | |d s |0 (DE-588)4022838-1 |0 (DE-627)104467096 |0 (DE-576)208946047 |2 gnd |a Häresie |
| 689 | 0 | 1 | |q z |2 gnd |a Geschichte 30-300 |
| 689 | 0 | |5 DE-101 | |
| 689 | 1 | 0 | |d s |0 (DE-588)4129954-1 |0 (DE-627)104161795 |0 (DE-576)209614838 |2 gnd |a Frühchristentum |
| 689 | 1 | 1 | |q z |2 gnd |a Geschichte 30-300 |
| 689 | 1 | |5 (DE-627) | |
| 787 | 0 | 8 | |i Rezensiert in |a Müller, Ulrich B., 1938 - 2023 |t Ketzer. Die andere Seite des frühen Christentums |d 1996 |w (DE-627)1797883682 |
| 889 | |w (DE-627)62357151X | ||
| 935 | |a mteo | ||
| 935 | |i Blocktest | ||
| 936 | r | v | |a BO 2230 |b Sonstige Häresien |k Theologie und Religionswissenschaften |k Patrologie und Kirchengeschichte |k Kirchengeschichte nach Perioden |k Alte Kirchengeschichte und Patrologie |k Von den Anfängen bis 313 |k Theologische Lehre und Streitfragen |k Sonstige Häresien |0 (DE-627)1270744534 |0 (DE-625)rvk/14106: |0 (DE-576)200744534 |
| 936 | b | k | |a 11.51 |j Frühes Christentum |0 (DE-627)106419641 |
| 936 | b | k | |a 11.00 |j Theologie |j Religionswissenschaft: Allgemeines |q coli-conc NSK->BK |q https://coli-conc.gbv.de/api/mappings/f84af606-91a3-411d-b6bd-06d818fa3caf |0 (DE-627)106415271 |
| 951 | |a BO | ||
| ELC | |b 1 | ||
| ITA | |a 1 |t 1 | ||
| LOK | |0 000 xxxxxcx a22 zn 4500 | ||
| LOK | |0 001 3081272610 | ||
| LOK | |0 003 DE-627 | ||
| LOK | |0 004 187238340 | ||
| LOK | |0 005 20011009000000 | ||
| LOK | |0 008 960122||||||||||||||||ger||||||| | ||
| LOK | |0 040 |a DE-21 |c DE-627 |d DE-21 | ||
| LOK | |0 852 |a DE-21 | ||
| LOK | |0 852 1 |c 35 A 22178 |9 00 | ||
| LOK | |0 935 |a theo | ||
| LOK | |0 936ln |a t3.1 | ||
| LOK | |0 939 |a 22-01-96 |b l01 | ||
| ORI | |a SA-MARC-ixtheoa001.raw | ||
| STA | 0 | 0 | |a Early Christianity (motif),Church,Early Christianity,Early church,Heresy,Heresy,Heterodoxy,Heresy |
| STB | 0 | 0 | |a Christianisme primitif (motif),Christianisme primitif,Paléochristianisme,Paléochristianisme,Église,Hérésie,Hérésies chrétiennes,Hérésie |
| STC | 0 | 0 | |a Cristianismo primitivo,Herejía,Herejía,Herejía |
| STD | 0 | 0 | |a Cristianesimo delle origini,Eresia,Eresia |
| STE | 0 | 0 | |a 异端,异端,早期基督教 |
| STF | 0 | 0 | |a 早期基督教,異端,異端 |
| STG | 0 | 0 | |a Cristianismo primitivo,Heresia,Heresia |
| STH | 0 | 0 | |a Ересь (мотив),Ересь,Раннее христианство |
| STI | 0 | 0 | |a Αίρεση (μοτίβο),Αίρεση,Πρώιμος Χριστιανισμός |
| SYG | 0 | 0 | |a Irrlehre,Ketzerei,Heterodoxie , Alte Kirche,Frühkirche |
| TIM | |a 100000300101_100003001231 |b Geschichte 30-300 | ||